000 00369pab a2200157 454500
008 180718b1995 xxu||||| |||| 00| 0 eng d
100 _aGuinet, Jean
245 _aFinancing innovation
260 _c1995
300 _ap.10-16
362 _aJun-Jul
650 _aPublic policy
650 _aEconomic development - India
773 _aOECD Observer
909 _a28671
999 _c28671
_d28671